000 00570nam a2200181 i 4500
001 142865
003 ES-MaACL
005 20231205195755.0
007 t|
008 071010s1957 sp ||||1| spa d
100 1 _aVidal de Lema, José María.
_9114480
245 1 3 _aLa torre y el gato /
_c[Majo de Levi (seud.) ; prólogo de José García Nieto].
260 _a[Jerez :
_bJerez Industrial,
_c1957]
300 _a304 p. :
_bil. ;
_c24 cm.
700 1 _aGarcía Nieto, José,
_d1914-2001
_955029
852 _aES-MaACL
_jC-12229
_bR.40327
999 _c142865
_d142865